Teória a prax manažmentu

Guardado en:
Detalles Bibliográficos
Autor principal: Vružek, Štefan
Formato: Libro
Lenguaje:eslovaco
Publicado: Prešov ManaCon 1999
Materias:
Etiquetas: Agregar Etiqueta
Sin Etiquetas, Sea el primero en etiquetar este registro!

MARC

LEADER 00000nam a2200000 4500
001 c111800
005 20221123133556.2
020 |a 80-85668-80-7 
041 0 |a slo 
044 |a SK 
245 1 0 |a Teória a prax manažmentu  |c Štefan Vružek 
264 1 |a Prešov  |b ManaCon  |c 1999 
300 |a 307 s. 
610 2 0 |a manažment 
610 2 0 |a teória a prax 
610 2 0 |a riadenie 
610 2 0 |a správanie 
610 2 0 |a stratégia podniková 
610 2 0 |a kontroling 
610 2 0 |a kontroling strategický 
610 2 0 |a štruktúra podniku organizačná 
610 2 0 |a vedenie podniku 
610 2 0 |a modely riadenia 
610 2 0 |a manažment personálny 
100 1 |a Vružek, Štefan